000 00565nam a2200193Ia 4500
999 _c15034
_d15034
003 OSt
005 20201116103659.0
008 190216s9999||||xx |||||||||||||| ||und||
020 _a0074637517
040 _coclc
082 _a421
_bMOH/E
100 _aMohan, Krishna
_91477
245 0 _aEffective English Communication /
_cKrishna Mohan ; Meenakshi Raman
250 _a1st Ed.
260 _bTata Mcgraw Hill Publishing Company Ltd,
_c2002.
_aDelhi:
300 _a328p
650 _aEnglish
942 _cBK
_2ddc
_h421
_iMOH/E
_k421
_mMOH/E